[Event "Stay Safe Play From Home 385"]
[Site "Emanuel Lasker Arena"]
[Date "2020.08.16"]
[Round "8"]
[White "Don59as"]
[Black "Tran Minh Thang"]
[Result "1-0"]
[WhiteElo "2068"]
[BlackElo "2464"]
[Annotator "NA"]
[PlyCount "133"]
[EventDate "2020.08.16"]
[EventType "swiss (blitz)"]

1. c4 {[%emt 0:00:01]} Nf6 {[%emt 0:00:00]} 2. Nc3 {[%emt 0:00:00]} d5 {[%emt 0:00:01]} 3. cxd5 {[%emt 0:00:01]} Nxd5 {[%emt 0:00:00]} 4. g3 {[%emt 0:00:00]} Nb6 {[%emt 0:00:01]} 5. Bg2 {[%emt 0:00:00]} g6 {[%emt 0:00:00]} 6. d4 {[%emt 0:00:01]} Bg7 {[%emt 0:00:00]} 7. Nf3 {[%emt 0:00:01]} O-O {[%emt 0:00:00]} 8. O-O {[%emt 0:00:01]} Nc6 {[%emt 0:00:00]} 9. b3 {[%emt 0:00:01]} Nxd4 {[%emt 0:00:02]} 10. Nxd4 {[%emt 0:00:01]} Qxd4 {[%emt 0:00:00]} 11. Bb2 {[%emt 0:00:01]} Qxd1 {[%emt 0:00:01]} 12. Rfxd1 {[%emt 0:00:00]} c6 {[%emt 0:00:01]} 13. Rac1 {[%emt 0:00:01]} Be6 {[%emt 0:00:01]} 14. Rb1 {[%emt 0:00:00]} a5 {[%emt 0:00:01]} 15. Ne4 {[%emt 0:00:01]} Bxb2 {[%emt 0:00:01]} 16. Rxb2 {[%emt 0:00:00]} Bd5 {[%emt 0:00:03]} 17. Nc5 {[%emt 0:00:02]} Bxg2 {[%emt 0:00:00]} 18. Kxg2 {[%emt 0:00:00]} Rfb8 {[%emt 0:00:01]} 19. Nd7 {[%emt 0:00:02]} Nxd7 {[%emt 0:00:02]} 20. Rxd7 {[%emt 0:00:02]} Kf8 {[%emt 0:00:06]} 21. Rbd2 {[%emt 0:00:01]} b5 {[%emt 0:00:00]} 22. Rc7 {[%emt 0:00:01]} Rc8 {[%emt 0:00:00]} 23. Rb7 {[%emt 0:00:02]} Rab8 {[%emt 0:00:03]} 24. Ra7 {[%emt 0:00:01]} Ra8 {[%emt 0:00:00]} 25. Rb7 {[%emt 0:00:01]} a4 {[%emt 0:00:01]} 26. Rdd7 {[%emt 0:00:01]} Re8 {[%emt 0:00:00]} 27. Rbc7 {[%emt 0:00:01]} axb3 {[%emt 0:00:01]} 28. axb3 {[%emt 0:00:01]} Ra3 {[%emt 0:00:00]} 29. e3 {[%emt 0:00:03]} Rxb3 {[%emt 0:00:01]} 30. Rxc6 {[%emt 0:00:01]} Rb2 {[%emt 0:00:01]} 31. Rb6 {[%emt 0:00:01]} b4 {[%emt 0:00:01]} 32. Rdb7 {[%emt 0:00:01]} Rd8 {[%emt 0:00:03]} 33. Rxb4 {[%emt 0:00:01]} Ra2 {[%emt 0:00:00]} 34. Rb8 {[%emt 0:00:02]} Rxb8 {[%emt 0:00:01]} 35. Rxb8+ {[%emt 0:00:00]} Kg7 {[%emt 0:00:00]} 36. Re8 {[%emt 0:00:00]} e6 {[%emt 0:00:00]} 37. h4 {[%emt 0:00:00]} h5 {[%emt 0:00:00]} 38. Rb8 {[%emt 0:00:01]} Kf6 {[%emt 0:00:00]} 39. Rb7 {[%emt 0:00:01]} Ra6 {[%emt 0:00:02]} 40. Kf3 {[%emt 0:00:01]} e5 {[%emt 0:00:01]} 41. Rc7 {[%emt 0:00:02]} Ke6 {[%emt 0:00:02]} 42. Rb7 {[%emt 0:00:02]} f6 {[%emt 0:00:01]} 43. Rb3 {[%emt 0:00:01]} Kf5 {[%emt 0:00:01]} 44. e4+ {[%emt 0:00:01]} Ke6 {[%emt 0:00:00]} 45. Kg2 {[%emt 0:00:02]} f5 {[%emt 0:00:00]} 46. exf5+ {[%emt 0:00:01]} gxf5 {[%emt 0:00:00]} 47. Rb8 {[%emt 0:00:01]} e4 {[%emt 0:00:01]} 48. Rh8 {[%emt 0:00:01]} Ke5 {[%emt 0:00:00]} 49. Rxh5 {[%emt 0:00:01]} Ra2 {[%emt 0:00:02]} 50. g4 {[%emt 0:00:00]} e3 {[%emt 0:00:03]} 51. Rxf5+ {[%emt 0:00:01]} Ke4 {[%emt 0:00:00]} 52. h5 {[%emt 0:00:01]} e2 {[%emt 0:00:01]} 53. Rf8 {[%emt 0:00:01]} Ra5 {[%emt 0:00:01]} 54. Re8+ {[%emt 0:00:01]} Re5 {[%emt 0:00:01]} 55. f3+ {[%emt 0:00:02]} Kf4 {[%emt 0:00:09]} 56. Rxe5 {[%emt 0:00:01]} Kxe5 {[%emt 0:00:00]} 57. Kf2 {[%emt 0:00:00]} Kf4 {[%emt 0:00:00]} 58. Kxe2 {[%emt 0:00:01]} Kg5 {[%emt 0:00:00]} 59. Ke3 {[%emt 0:00:00]} Kh4 {[%emt 0:00:00]} 60. Ke4 {[%emt 0:00:00]} Kg5 {[%emt 0:00:00]} 61. Ke5 {[%emt 0:00:00]} Kh6 {[%emt 0:00:00]} 62. f4 {[%emt 0:00:00]} Kg7 {[%emt 0:00:00]} 63. Ke6 {[%emt 0:00:00]} Kh7 {[%emt 0:00:00]} 64. f5 {[%emt 0:00:00]} Kg8 {[%emt 0:00:00]} 65. f6 {[%emt 0:00:00]} Kh7 {[%emt 0:00:00]} 66. g5 {[%emt 0:00:00]} Kh8 {[%emt 0:00:00]} 67. g6 {[%emt 0:00:00] Time Time Time (Lag: Av=0.80s, max=1.2s) (Lag: Av=0.80s, max=1.2s) (Lag: Av=0.80s, max=1.2s)} 1-0

[Event "Stay Safe Play From Home 385"]
[Site "Emanuel Lasker Arena"]
[Date "2020.08.16"]
[Round "8"]
[White "Strelka6"]
[Black "Gibiz144"]
[Result "1-0"]
[WhiteElo "1852"]
[BlackElo "1592"]
[Annotator "NA"]
[PlyCount "85"]
[EventDate "2020.08.16"]
[EventType "swiss (blitz)"]

{vera, Domingo} 1. d4 {[%emt 0:00:02]} e6 {[%emt 0:00:00]} 2. e3 {[%emt 0:00:01]} b6 {[%emt 0:00:00]} 3. c4 {[%emt 0:00:00]} Bb7 {[%emt 0:00:01]} 4. Nc3 {[%emt 0:00:00]} d6 {[%emt 0:00:00]} 5. Nf3 {[%emt 0:00:00]} Ne7 {[%emt 0:00:01]} 6. Be2 {[%emt 0:00:00]} g6 {[%emt 0:00:01]} 7. O-O {[%emt 0:00:00]} Bg7 {[%emt 0:00:01]} 8. a3 {[%emt 0:00:01]} h6 {[%emt 0:00:01]} 9. Rb1 {[%emt 0:00:00]} Nd7 {[%emt 0:00:01]} 10. b4 {[%emt 0:00:01]} O-O {[%emt 0:00:01]} 11. Na4 {[%emt 0:00:01]} Nc6 {[%emt 0:00:01]} 12. c5 {[%emt 0:00:00]} d5 {[%emt 0:00:02]} 13. cxb6 {[%emt 0:00:01]} axb6 {[%emt 0:00:01]} 14. Qb3 {[%emt 0:00:03]} Ba6 {[%emt 0:00:02]} 15. Bxa6 {[%emt 0:00:01]} Rxa6 {[%emt 0:00:01]} 16. b5 {[%emt 0:00:00]} Rxa4 {[%emt 0:00:01]} 17. Qxa4 {[%emt 0:00:01]} Na5 {[%emt 0:00:01]} 18. Bd2 {[%emt 0:00:02]} Nc4 {[%emt 0:00:01]} 19. Rfc1 {[%emt 0:00:02]} Nf6 {[%emt 0:00:03]} 20. Be1 {[%emt 0:00:02]} Ne4 {[%emt 0:00:01]} 21. Qd1 {[%emt 0:00:02]} Qf6 {[%emt 0:00:01]} 22. Nd2 {[%emt 0:00:00]} Ng5 {[%emt 0:00:04]} 23. Nxc4 {[%emt 0:00:01]} dxc4 {[%emt 0:00:01]} 24. Rxc4 {[%emt 0:00:01]} h5 {[%emt 0:00:02]} 25. Rbc1 {[%emt 0:00:01]} h4 {[%emt 0:00:02]} 26. Rxc7 {[%emt 0:00:01]} h3 {[%emt 0:00:01]} 27. g3 {[%emt 0:00:01]} Nf3+ {[%emt 0:00:01]} 28. Kh1 {[%emt 0:00:01]} g5 {[%emt 0:00:03]} 29. Rc8 {[%emt 0:00:01]} g4 {[%emt 0:00:01]} 30. Rxf8+ {[%emt 0:00:01]} Bxf8 {[%emt 0:00:01]} 31. Rc8 {[%emt 0:00:03]} Kg7 {[%emt 0:00:01]} 32. Qc1 {[%emt 0:00:03]} Bd6 {[%emt 0:00:02]} 33. Rc2 {[%emt 0:00:02]} Ng5 {[%emt 0:00:03]} 34. Kg1 {[%emt 0:00:01]} Qf3 {[%emt 0:00:01]} 35. Kf1 {[%emt 0:00:01]} Ne4 {[%emt 0:00:03]} 36. Bc3 {[%emt 0:00:03]} Qh1+ {[%emt 0:00:03]} 37. Ke2 {[%emt 0:00:01]} Qg2 {[%emt 0:00:01]} 38. Qf1 {[%emt 0:00:02]} Nxc3+ {[%emt 0:00:02]} 39. Rxc3 {[%emt 0:00:01]} Qf3+ {[%emt 0:00:01]} 40. Kd2 {[%emt 0:00:01]} e5 {[%emt 0:00:01]} 41. dxe5 {[%emt 0:00:01]} Bxe5 {[%emt 0:00:01]} 42. Qd3 {[%emt 0:00:02]} Qxf2+ {[%emt 0:00:02]} 43. Qe2 {[%emt 0:00:00] Zeit Zeit Zeit (Lag: Av=0.49s, max=1.0s) (Lag: Av=0.49s, max=1.0s) (Lag: Av=0.49s, max=1.0s)} 1-0

[Event "Stay Safe Play From Home 385"]
[Site "Emanuel Lasker Arena"]
[Date "2020.08.16"]
[Round "8"]
[White "Mamba2001de"]
[Black "Grizzzly"]
[Result "0-1"]
[WhiteElo "1481"]
[BlackElo "1862"]
[Annotator "NA"]
[PlyCount "86"]
[EventDate "2020.08.16"]
[EventType "swiss (blitz)"]

1. d4 {[%emt 0:00:01]} e5 {[%emt 0:00:01]} 2. d5 {[%emt 0:00:01]} d6 {[%emt 0:00:01]} 3. c4 {[%emt 0:00:01]} Nf6 {[%emt 0:00:01]} 4. Nc3 {[%emt 0:00:01]} Be7 {[%emt 0:00:00]} 5. Nf3 {[%emt 0:00:01]} Rf8 {[%emt 0:00:01]} 6. e4 {[%emt 0:00:01]} Bg4 {[%emt 0:00:02]} 7. h3 {[%emt 0:00:01]} Bh5 {[%emt 0:00:01]} 8. Be2 {[%emt 0:00:01]} c6 {[%emt 0:00:02]} 9. O-O {[%emt 0:00:01]} cxd5 {[%emt 0:00:01]} 10. Nxd5 {[%emt 0:00:01]} Nbd7 {[%emt 0:00:00]} 11. Nxf6+ {[%emt 0:00:01]} Nxf6 {[%emt 0:00:03]} 12. Qc2 {[%emt 0:00:00]} Qc7 {[%emt 0:00:02]} 13. b3 {[%emt 0:00:03]} O-O-O {[%emt 0:00:01]} 14. Be3 {[%emt 0:00:01]} Kb8 {[%emt 0:00:02]} 15. a4 {[%emt 0:00:04]} Nd7 {[%emt 0:00:01]} 16. a5 {[%emt 0:00:01]} Nc5 {[%emt 0:00:02]} 17. Bxc5 {[%emt 0:00:02]} Qxc5 {[%emt 0:00:01]} 18. a6 {[%emt 0:00:01]} b6 {[%emt 0:00:02]} 19. b4 {[%emt 0:00:01]} Qc7 {[%emt 0:00:02]} 20. Rab1 {[%emt 0:00:03]} Rc8 {[%emt 0:00:01]} 21. c5 {[%emt 0:00:01]} dxc5 {[%emt 0:00:01]} 22. bxc5 {[%emt 0:00:01]} Qxc5 {[%emt 0:00:01]} 23. Qxc5 {[%emt 0:00:01]} Bxc5 {[%emt 0:00:00]} 24. Nxe5 {[%emt 0:00:04]} Bxe2 {[%emt 0:00:02]} 25. Nd7+ {[%emt 0:00:01]} Ka8 {[%emt 0:00:01]} 26. Nxf8 {[%emt 0:00:02]} Rxf8 {[%emt 0:00:01]} 27. Rfe1 {[%emt 0:00:02]} Bd3 {[%emt 0:00:01]} 28. e5 {[%emt 0:00:01]} Bxb1 {[%emt 0:00:01]} 29. Rxb1 {[%emt 0:00:01]} Re8 {[%emt 0:00:01]} 30. Re1 {[%emt 0:00:00]} Bd6 {[%emt 0:00:02]} 31. Kf1 {[%emt 0:00:01]} Rxe5 {[%emt 0:00:02]} 32. Rd1 {[%emt 0:00:01]} Re6 {[%emt 0:00:01]} 33. Rc1 {[%emt 0:00:01]} Kb8 {[%emt 0:00:01]} 34. g3 {[%emt 0:00:02]} f6 {[%emt 0:00:00]} 35. f4 {[%emt 0:00:01]} Bc5 {[%emt 0:00:01]} 36. Kg2 {[%emt 0:00:01]} Re2+ {[%emt 0:00:01]} 37. Kf3 {[%emt 0:00:01]} Rf2+ {[%emt 0:00:00]} 38. Kg4 {[%emt 0:00:01]} g6 {[%emt 0:00:01]} 39. h4 {[%emt 0:00:01]} f5+ {[%emt 0:00:00]} 40. Kh3 {[%emt 0:00:01]} Rf3 {[%emt 0:00:02]} 41. Re1 {[%emt 0:00:05]} Bf2 {[%emt 0:00:03]} 42. Re8+ {[%emt 0:00:01]} Kc7 {[%emt 0:00:00]} 43. Re7+ {[%emt 0:00:00]} Kc6 {[%emt 0:00:00] Zeit Zeit Zeit (Lag: Av=0.38s, max=0.6s) (Lag: Av=0.38s, max=0.6s) (Lag: Av=0.38s, max=0.6s)} 0-1

[Event "Stay Safe Play From Home 385"]
[Site "Emanuel Lasker Arena"]
[Date "2020.08.16"]
[Round "8"]
[White "Dreamsoldier"]
[Black "Gattopardo"]
[Result "0-1"]
[WhiteElo "1266"]
[BlackElo "1149"]
[Annotator "NA"]
[PlyCount "32"]
[EventDate "2020.08.16"]
[EventType "swiss (blitz)"]

1. d4 {[%emt 0:00:02]} d5 {[%emt 0:00:02]} 2. e3 {[%emt 0:00:00]} Nc6 {[%emt 0:00:01]} 3. Nf3 {[%emt 0:00:00]} f6 {[%emt 0:00:01]} 4. Bd3 {[%emt 0:00:00]} e5 {[%emt 0:00:01]} 5. O-O {[%emt 0:00:00]} e4 {[%emt 0:00:01]} 6. Be2 {[%emt 0:00:01]} exf3 {[%emt 0:00:01]} 7. Bxf3 {[%emt 0:00:00]} Bd6 {[%emt 0:00:02]} 8. Nc3 {[%emt 0:00:00]} Nge7 {[%emt 0:00:02]} 9. Nxd5 {[%emt 0:00:04]} Nxd5 {[%emt 0:00:03]} 10. Bxd5 {[%emt 0:00:00]} Be6 {[%emt 0:00:02]} 11. Qf3 {[%emt 0:00:04]} Qe7 {[%emt 0:00:01]} 12. Bxe6 {[%emt 0:00:02]} Qxe6 {[%emt 0:00:01]} 13. d5 {[%emt 0:00:04]} Qe5 {[%emt 0:00:02]} 14. e4 {[%emt 0:00:03]} Nd4 {[%emt 0:00:02]} 15. Qe3 {[%emt 0:00:05]} Nxc2 {[%emt 0:00:02]} 16. Qd4 {[%emt 0:00:08]} Qxh2# {[%emt 0:00:01] Mate Mate Mate (Lag: Av=0.30s, max=0.7s) (Lag: Av=0.30s, max=0.7s) (Lag: Av=0.30s, max=0.7s) Dreamsoldier terk eder Dreamsoldier terk eder Dreamsoldier terk eder} 0-1

[Event "Stay Safe Play From Home 385"]
[Site "Emanuel Lasker Arena"]
[Date "2020.08.16"]
[Round "9"]
[White "MihailoVujic"]
[Black "Don59as"]
[Result "1-0"]
[WhiteElo "2283"]
[BlackElo "2099"]
[Annotator "NA"]
[PlyCount "87"]
[EventDate "2020.08.16"]
[EventType "swiss (blitz)"]

1. e4 {[%emt 0:00:01]} e5 {[%emt 0:00:02]} 2. Nf3 {[%emt 0:00:01]} Nc6 {[%emt 0:00:00]} 3. d4 {[%emt 0:00:00]} exd4 {[%emt 0:00:01]} 4. Bc4 {[%emt 0:00:00]} d6 {[%emt 0:00:01]} 5. c3 {[%emt 0:00:01]} Be6 {[%emt 0:00:01]} 6. Bxe6 {[%emt 0:00:01]} fxe6 {[%emt 0:00:00]} 7. cxd4 {[%emt 0:00:00]} Qd7 {[%emt 0:00:02]} 8. Qb3 {[%emt 0:00:01]} O-O-O {[%emt 0:00:01]} 9. Nc3 {[%emt 0:00:01]} Nf6 {[%emt 0:00:01]} 10. Be3 {[%emt 0:00:00]} e5 {[%emt 0:00:01]} 11. d5 {[%emt 0:00:00]} Ne7 {[%emt 0:00:02]} 12. Bxa7 {[%emt 0:00:04]} Qg4 {[%emt 0:00:01]} 13. O-O {[%emt 0:00:03]} Nxe4 {[%emt 0:00:01]} 14. Nxe4 {[%emt 0:00:02]} Qxe4 {[%emt 0:00:01]} 15. Rac1 {[%emt 0:00:01]} Qxd5 {[%emt 0:00:01]} 16. Qc3 {[%emt 0:00:02]} Nc6 {[%emt 0:00:02]} 17. Be3 {[%emt 0:00:01]} Be7 {[%emt 0:00:03]} 18. Rfd1 {[%emt 0:00:00]} Qb5 {[%emt 0:00:01]} 19. a4 {[%emt 0:00:01]} Qxa4 {[%emt 0:00:03]} 20. Ra1 {[%emt 0:00:01]} Qb4 {[%emt 0:00:00]} 21. Qd3 {[%emt 0:00:03]} e4 {[%emt 0:00:03]} 22. Qd5 {[%emt 0:00:02]} exf3 {[%emt 0:00:04]} 23. Qe6+ {[%emt 0:00:04]} Kb8 {[%emt 0:00:04]} 24. gxf3 {[%emt 0:00:04] MihailoVujic offers a draw MihailoVujic offers a draw MihailoVujic offers a draw} Bf6 {[%emt 0:00:02]} 25. Rd3 {[%emt 0:00:04]} Rhe8 {[%emt 0:00:02]} 26. Qd5 {[%emt 0:00:02]} Rxe3 {[%emt 0:00:01]} 27. Rxe3 {[%emt 0:00:01]} Qxb2 {[%emt 0:00:01]} 28. Rea3 {[%emt 0:00:03]} Qxa1+ {[%emt 0:00:05]} 29. Rxa1 {[%emt 0:00:01]} Bxa1 {[%emt 0:00:00]} 30. Qf7 {[%emt 0:00:00]} Bf6 {[%emt 0:00:01]} 31. Qh5 {[%emt 0:00:01]} b6 {[%emt 0:00:01]} 32. Qxh7 {[%emt 0:00:00]} Ne5 {[%emt 0:00:01]} 33. Qe4 {[%emt 0:00:00]} c5 {[%emt 0:00:01]} 34. f4 {[%emt 0:00:00]} Ng4 {[%emt 0:00:01]} 35. Qc6 {[%emt 0:00:01]} Bd4 {[%emt 0:00:03]} 36. Qxb6+ {[%emt 0:00:01]} Kc8 {[%emt 0:00:00]} 37. Qc6+ {[%emt 0:00:00]} Kb8 {[%emt 0:00:01]} 38. Qb6+ {[%emt 0:00:01]} Ka8 {[%emt 0:00:00]} 39. h3 {[%emt 0:00:00]} Nxf2 {[%emt 0:00:02]} 40. Qa6+ {[%emt 0:00:00]} Kb8 {[%emt 0:00:01]} 41. Qb6+ {[%emt 0:00:00]} Kc8 {[%emt 0:00:00]} 42. Qc6+ {[%emt 0:00:00]} Kb8 {[%emt 0:00:00]} 43. Qb5+ {[%emt 0:00:00]} Kc7 {[%emt 0:00:01]} 44. Kg2 {[%emt 0:00:00] Time Time Time} 1-0

[Event "Stay Safe Play From Home 385"]
[Site "Emanuel Lasker Arena"]
[Date "2020.08.16"]
[Round "9"]
[White "Hickey"]
[Black "SelamiSahin"]
[Result "0-1"]
[WhiteElo "2170"]
[BlackElo "2095"]
[Annotator "TA"]
[PlyCount "130"]
[EventDate "2020.08.16"]
[EventType "swiss (blitz)"]

{[%evp 9,130,8,95,91,98,24,32,30,30,26,30,27,33,21,20,14,31,12,16,17,43,25,46,0,0,0,0,0,0,0,0,0,0,0,-1,-8,-10,-23,0,0,0,0,0,0,0,0,0,0,0,0,0,0,0,0,0,0,1347,1607,2282,2193,6479,6099,29976,-29963,-29963,-29945,-12832,-12257,-5097,-1048,-284,-29980,-29981,-29981,-29982,-29982,-29983,-29983,-29984,-29984,-29984,-29984,-29985,-29985,-29986,-29986,-29987,-29987,-29988,-29988,-29989,-29989,-29990,-29990,-29991,-29991,-29992,-29992,-29993,-29993,-29993,-29994,-29995,-29994,-29994,-29994,-29991,-29991,-29992,-29992,-29992,-29992,-29992,-29992,-29992,-29992,-29993,-29995,-29995,-29996,-29994,-29994,-29994]} 1. Nf3 c6 2. g3 d5 3. Bg2 Bf5 4. O-O e6 5. b3 {[#]} g6 $146 (5... Nf6 $11) ({Predecessor:} 5... Nf6 6. Bb2 Be7 7. d3 h6 8. Nbd2 O-O 9. c4 a5 10. Re1 Bh7 11. e4 dxe4 12. dxe4 Na6 13. Ne5 Nd7 14. Nxd7 Qxd7 15. Qg4 f6 16. Nf3 Nc5 17. Rad1 Qe8 18. Nd4 Qf7 19. Bh3 e5 20. Ne6 h5 21. Qe2 Nxe6 22. Rd7 Nc5 23. Rc7 {0-1 (23) Bacrot,E (2718)-Wojtaszek,R (2744) Beijing 2014}) 6. Bb2 $16 {A07: Réti Opening: New York and Capablanca Systems.} Nf6 7. Nh4 ({White should play} 7. d3 $16) 7... Bg7 $11 8. Nxf5 {White is slightly better.} exf5 9. d3 O-O 10. e3 Nbd7 11. Nd2 Re8 12. Nf3 Ng4 13. Bxg7 Kxg7 14. c4 Nge5 15. Rc1 dxc4 16. dxc4 Nxf3+ 17. Bxf3 Ne5 18. Be2 Qxd1 19. Rfxd1 Rad8 20. Kf1 Kf6 21. Ke1 Ke6 22. f4 Nd7 23. b4 Nf6 24. Bf3 Ne4 (24... a6 {is interesting.} 25. a4 h5 26. Ke2 Rh8 27. Rxd8 Rxd8 28. b5 Ne4) 25. Bxe4 fxe4 26. Rxd8 Rxd8 27. Rd1 Rxd1+ 28. Kxd1 {[%mdl 4096] Endgame KP-KP} Kf5 {White must now prevent ...Kg4.} 29. h3 $1 h5 30. Kd2 Ke6 31. Kc3 b6 32. g4 c5 $2 {[%mdl 8192]} (32... hxg4 $11 33. hxg4 f5) 33. bxc5 $18 bxc5 34. Kb3 hxg4 35. hxg4 f5 {[#]} 36. gxf5+ $4 {[%mdl 8192]} (36. g5 $1 {is the narrow road to win.} Kd6 37. Ka4 Kc6 38. Ka5 Kc7 39. Kb5 Kb7 40. Kxc5 Kc7 41. Kd5) 36... Kxf5 37. Ka4 {[#]} Kg4 $1 {[%cal Rg4f3]} 38. Kb5 Kf3 39. Kxc5 Kxe3 40. Kd5 $2 (40. Kb5 $19 Kxf4 41. c5) 40... Kxf4 {K3P-KPP. Black mates.} 41. c5 e3 42. c6 e2 43. c7 e1=Q 44. c8=Q {KQ-KQ} Qe4+ 45. Kd6 Qe5+ 46. Kc6 Qc3+ 47. Kb7 Qxc8+ 48. Kxc8 {KPP-KP} g5 49. Kb7 g4 50. Kxa7 {KP-KP} g3 51. Kb7 g2 52. a4 g1=Q 53. a5 Qg2+ 54. Kb6 Qa8 55. a6 Ke5 56. a7 Kd6 57. Kb5 Kc7 58. Kc4 Qxa7 59. Kd3 Qb6 60. Ke4 Qc6+ 61. Kf4 Qd6+ 62. Kg4 Kc6 63. Kh4 Kd5 64. Kg5 Qe6 65. Kf4 Qe5+ {Black used his chance. Accuracy: White = 80%, Black = 83%.} 0-1

[Event "Stay Safe Play From Home 385"]
[Site "Emanuel Lasker Arena"]
[Date "2020.08.16"]
[Round "9"]
[White "Lazieri3"]
[Black "Mamba2001de"]
[Result "1-0"]
[WhiteElo "2126"]
[BlackElo "1478"]
[Annotator "NA"]
[PlyCount "67"]
[EventDate "2020.08.16"]
[EventType "swiss (blitz)"]

1. e4 {[%emt 0:00:01]} e6 {[%emt 0:00:01]} 2. Nc3 {[%emt 0:00:00]} d5 {[%emt 0:00:01]} 3. Nf3 {[%emt 0:00:00]} d4 {[%emt 0:00:01]} 4. Ne2 {[%emt 0:00:01]} c5 {[%emt 0:00:00]} 5. d3 {[%emt 0:00:01]} Nc6 {[%emt 0:00:01]} 6. g3 {[%emt 0:00:00]} e5 {[%emt 0:00:01]} 7. Bg2 {[%emt 0:00:00]} Nf6 {[%emt 0:00:01]} 8. O-O {[%emt 0:00:01]} Bd6 {[%emt 0:00:00]} 9. Nh4 {[%emt 0:00:01]} O-O {[%emt 0:00:01]} 10. f4 {[%emt 0:00:01]} exf4 {[%emt 0:00:01]} 11. gxf4 {[%emt 0:00:04]} Bc7 {[%emt 0:00:01]} 12. e5 {[%emt 0:00:03]} Ne8 {[%emt 0:00:02]} 13. Nf3 {[%emt 0:00:01]} Bg4 {[%emt 0:00:02]} 14. Ng5 {[%emt 0:00:01]} h6 {[%emt 0:00:03]} 15. Ne4 {[%emt 0:00:01]} Nb4 {[%emt 0:00:02]} 16. a3 {[%emt 0:00:02]} Nc6 {[%emt 0:00:03]} 17. h3 {[%emt 0:00:01]} Bh5 {[%emt 0:00:02]} 18. N4g3 {[%emt 0:00:02]} Bg6 {[%emt 0:00:01]} 19. f5 {[%emt 0:00:02]} Bh7 {[%emt 0:00:01]} 20. f6 {[%emt 0:00:00]} g6 {[%emt 0:00:01]} 21. Bxh6 {[%emt 0:00:01]} Nxf6 {[%emt 0:00:01]} 22. exf6 {[%emt 0:00:02]} Ne5 {[%emt 0:00:02]} 23. Bxf8 {[%emt 0:00:01]} Qxf8 {[%emt 0:00:01]} 24. Nf4 {[%emt 0:00:02]} Re8 {[%emt 0:00:03]} 25. Ne4 {[%emt 0:00:01]} c4 {[%emt 0:00:07]} 26. Ng5 {[%emt 0:00:02]} cxd3 {[%emt 0:00:02]} 27. Nxd3 {[%emt 0:00:03]} Nxd3 {[%emt 0:00:03]} 28. Qxd3 {[%emt 0:00:01]} Qd6 {[%emt 0:00:02]} 29. Nf3 {[%emt 0:00:05]} Qg3 {[%emt 0:00:02]} 30. Qxd4 {[%emt 0:00:03]} Bb6 {[%emt 0:00:02]} 31. Qxb6 {[%emt 0:00:01]} axb6 {[%emt 0:00:01]} 32. Rae1 {[%emt 0:00:01]} Rxe1 {[%emt 0:00:01]} 33. Rxe1 {[%emt 0:00:00]} g5 {[%emt 0:00:01]} 34. Re8# {[%emt 0:00:01] (Lag: Av=0.45s, max=1.1s) (Lag: Av=0.45s, max=1.1s) (Lag: Av=0.45s, max=1.1s)} 1-0

[Event "Stay Safe Play From Home 385"]
[Site "Emanuel Lasker Arena"]
[Date "2020.08.16"]
[Round "9"]
[White "Buzaglo"]
[Black "Tran Minh Thang"]
[Result "0-1"]
[WhiteElo "1886"]
[BlackElo "2433"]
[Annotator "TA"]
[PlyCount "54"]
[EventDate "2020.08.16"]
[EventType "swiss (blitz)"]

{[%evp 9,53,13,24,-18,-15,-22,2,0,-6,-63,-31,-59,-24,-31,-37,-43,-48,-39,-38,-97,-68,-93,0,0,0,2,-18,-657,-662,-621,-635,-29992,-29993,-29993,-29994,-29994,-29994,-29995,-29995,-29995,-29993,-29994,-29993,-29997,-29997,-29999]} 1. d4 Nf6 2. Nf3 e6 3. g3 b6 4. Bg2 Bb7 5. O-O Be7 6. Ne5 {A47: 1 d4 Nf6 2 Nf3 b6: Torre, London and Colle Systems.} Bxg2 7. Kxg2 O-O {[#]} 8. c4 $146 {The position is equal.} ({Predecessor:} 8. c3 c5 9. e3 d5 10. Nd2 Nfd7 11. Ndf3 Bf6 12. Nd3 Nc6 13. Qa4 Qc7 14. Qd1 {½-½ (29) Schwertel,J (1988)-Van Geffen,B (2135) Bad Sooden 2012}) 8... d5 9. Nf3 (9. Nc3 $11) 9... c5 10. Qc2 Nc6 11. dxc5 $1 bxc5 12. cxd5 exd5 13. Nc3 d4 14. Rd1 (14. Na4 $1 $15) 14... Re8 $36 {[%mdl 2048] White is under pressure.} 15. e3 Bf8 (15... Qd7 $17 16. exd4 Nxd4 17. Nxd4 cxd4) 16. exd4 $11 Nxd4 17. Nxd4 cxd4 18. Nb5 $2 {[%mdl 8192] This costs White the game.} (18. Qa4 $11) 18... Qd5+ $19 {[%mdl 64] [#] Double Attack} 19. Kg1 Qxb5 20. Rxd4 Re1+ {Black mates.} 21. Kg2 Qf1+ 22. Kf3 Qh1+ 23. Kf4 Rae8 24. Be3 Rxa1 25. Qf5 {[#]} Rf1 $1 26. Qg5 Re4+ 27. Rxe4 Qxe4# {Accuracy: White = 47%, Black = 71%.} 0-1

[Event "Stay Safe Play From Home 385"]
[Site "Emanuel Lasker Arena"]
[Date "2020.08.16"]
[Round "9"]
[White "Grizzzly"]
[Black "Mepe_Nika"]
[Result "0-1"]
[WhiteElo "1866"]
[BlackElo "2366"]
[Annotator "TA"]
[PlyCount "82"]
[EventDate "2020.08.16"]
[EventType "swiss (blitz)"]

{[%evp 17,81,4,4,10,10,0,0,-14,-13,-84,-91,-92,-80,-82,-94,-95,-82,-156,-136,-132,-70,-178,-154,-154,-154,-142,-73,-93,285,0,0,0,0,-241,-240,-233,-157,-225,-189,-334,-306,-293,-295,-241,-239,-405,-401,-316,-151,-668,-334,-495,-477,-606,-590,-541,-485,-1685,-1558,-1938,-1829,-2870,-2462,-29990,-29985,-29999]} 1. d4 d5 2. c4 c6 3. cxd5 cxd5 4. Nc3 Nf6 5. Nf3 Nc6 6. Bf4 a6 7. e3 Bg4 8. Be2 e6 9. O-O Bd6 10. Ne5 {D13: Slav Defence: Exchange variation without ...Bf5.} Bxe2 11. Qxe2 Bxe5 12. dxe5 {The position is equal.} Nd7 {[#]} 13. e4 $146 (13. Qg4 $11) ({Predecessor:} 13. Qg4 g6 14. Qg3 h6 15. h4 g5 16. hxg5 Rg8 17. g6 Rxg6 18. Qh2 Qe7 19. Rac1 {1-0 (47) Lichmann,P (2375)-Gisbrecht,E (2436) Germany 2008}) 13... d4 $17 14. Nd1 Ndxe5 15. Bxe5 Nxe5 16. f4 Nc6 17. f5 ({White should play} 17. Rc1) 17... Qf6 18. Nf2 exf5 (18... Ne5 $17 19. Rad1 Rd8) 19. Ng4 (19. exf5+ $15 Qe7 20. Qf3) 19... Qe7 20. Rxf5 O-O 21. Raf1 Rae8 (21... Qe6 $142 22. b3 f6) 22. e5 Qc5 $2 {[%mdl 8192] [#]} (22... Qe6 $17 {...Rd8 is the strong threat.} 23. Qd2 Rd8) 23. Qf2 $2 (23. Nf6+ $1 $18 {[%mdl 512]} gxf6 24. Qg4+ Kh8 25. exf6) 23... Nxe5 $11 24. Nxe5 Rxe5 25. Rxe5 $2 {White is on the road to losing.} (25. Rxf7 $11 Ree8 26. a3) 25... Qxe5 {[%mdl 4096] Endgame KQR-KQR} 26. Rd1 Qe3 27. Qxe3 (27. h4 $17) 27... dxe3 $17 {KR-KR} 28. Re1 (28. Rd3 {is a better defense.}) 28... Re8 $19 29. Kf1 f5 30. Ke2 f4 31. Kf3 $2 (31. g3 {was necessary.} Rd8 32. gxf4) 31... g5 32. g3 Rf8 (32... fxg3 $19 {and Black stays clearly on top.} 33. Kxg3 h5) 33. h4 $2 (33. gxf4 $17 Rxf4+ 34. Kxe3) 33... h6 34. hxg5 (34. gxf4 $142 Rxf4+ 35. Kg3) 34... hxg5 35. gxf4 gxf4 36. Rg1+ Kh7 37. Rh1+ (37. Rg5 $142 Re8 38. Rg2) 37... Kg6 38. Rg1+ Kf5 39. Re1 Rd8 40. Ke2 Rd2+ 41. Kf3 Rf2# {Accuracy: White = 28%, Black = 57%.} 0-1